[Event "AUTO-OPEN-887"]
[Site "http://www.queenalice.com/game.php?id=396539"]
[Date "2008.5.2"]
[Round "2"]
[White "Vampyr"]
[Black "Casemiro"]
[Result "1-0"]
[WhiteElo "2151"]
[BlackElo "1899"]

1. e4 c5 2. Nf3 g6 3. d4 Bg7 4. Nc3 cxd4 5. Nxd4 Qb6 6. Nb3 Nf6 7. Be3 Qd8 8.
Be2 a6 9. O-O d6 10. f4 O-O 11. a4 Bd7 12. h3 Nc6 13. Bf3 Qc7 14. a5 e5 15. Bb6
Qc8 16. Qxd6 Ne8 17. Qd2 Bxh3 18. gxh3 Qxh3 19. Bg2 Qg3 20. Bc5 Nf6 21. Bxf8 Ng4
22. Rf3 Qh2+ 23. Kf1 Bxf8 24. Nd5 Rd8 25. Rh3 h5 26. Rxh2 Nxh2+ 27. Kg1 Ng4 28.
f5 Kg7 29. fxg6 fxg6 30. Rf1 h4 31. Qg5 Rd6 32. Qxg4 h3 33. Bxh3 g5 34. Nc5 Nd8
35. Qf5 Rg6 36. Qxf8+ 1-0

[Event "AUTO-OPEN-689"]
[Site "http://www.queenalice.com/game.php?id=402055"]
[Date "2008.5.12"]
[Round "2"]
[White "Casemiro"]
[Black "gibam"]
[Result "1-0"]
[WhiteElo "1890"]
[BlackElo "1692"]

1. e4 c5 2. f4 b5 3. g3 Bb7 4. Bg2 f5 5. d3 fxe4 6. dxe4 e6 7. Be3 Nf6 8. Ne2
Be7 9. O-O O-O 10. e5 Bxg2 11. Kxg2 Nc6 12. Nbc3 1-0

[Event "AUTO-OPEN-689"]
[Site "http://www.queenalice.com/game.php?id=402056"]
[Date "2008.5.12"]
[Round "2"]
[White "gibam"]
[Black "Casemiro"]
[Result "0-1"]
[WhiteElo "1684"]
[BlackElo "1898"]

1. b3 d5 2. Bb2 Bf5 3. d3 Nc6 4. g3 e6 5. Bg2 f6 6. Nf3 Bd6 7. O-O Nh6 8. Nbd2
O-O 9. c4 a5 10. a4 Bb4 11. Ba3 b6 12. Bxb4 Nxb4 0-1

[Event "AUTO-OPEN-689"]
[Site "http://www.queenalice.com/game.php?id=402058"]
[Date "2008.5.12"]
[Round "2"]
[White "kulalking"]
[Black "Casemiro"]
[Result "1-0"]
[WhiteElo "2232"]
[BlackElo "1887"]

1. e4 c5 2. d4 b6 3. dxc5 bxc5 4. Bc4 Bb7 5. Nf3 Bxe4 6. Bxf7+ Kxf7 7. Ng5+ Ke8
8. Nxe4 e6 9. Qh5+ g6 10. Qe5 Qh4 11. Nbc3 Nf6 12. Bg5 Ng4 13. Nd6+ Bxd6 14.
Qxh8+ 1-0

[Event "AUTO-OPEN-664"]
[Site "http://www.queenalice.com/game.php?id=406961"]
[Date "2008.5.23"]
[Round "3"]
[White "flvsnts"]
[Black "Casemiro"]
[Result "0-1"]
[WhiteElo "1777"]
[BlackElo "1864"]

1. e4 c5 2. c3 e5 3. d4 cxd4 4. cxd4 Qe7 5. d5 Qd6 6. Nc3 a6 7. a4 h6 8. Nf3 Nf6
9. b3 Qc7 10. Bc4 d6 11. a5 b5 12. Be2 Qxc3+ 13. Bd2 Qc7 14. Rc1 Qd7 15. Qc2 Kd8
16. O-O Be7 17. Nh4 g6 18. Be3 Bb7 19. Bb6+ Ke8 20. Qc7 Nxe4 21. Qxd7+ Nxd7 22.
Rc7 Bxd5 23. Bg4 Ndf6 24. Rc8+ Rxc8 25. Bxc8 Bxb3 26. Bxa6 Nd5 27. Bxb5+ Kf8 28.
Ba7 Kg7 29. Bc6 Rc8 30. Bb7 Rc7 31. a6 Bxh4 32. g3 Be7 33. Bb8 Rd7 34. a7 Nb6
35. Bxe4 d5 36. Rb1 dxe4 37. Rxb3 Na8 38. Bxe5+ f6 39. Bb8 Bc5 40. Kf1 Bxa7 41.
Bxa7 Rxa7 42. Rb8 Nc7 43. Rb4 f5 44. Rd4 Ne6 45. Rd6 Ng5 46. h4 Nf3 47. Ke2 Ra2+
48. Ke3 Ra3+ 49. Kf4 Ra7 50. g4 Nxh4 51. gxf5 gxf5 52. Kg3 Nf3 53. Rd5 Rf7 54.
Kf4 Kg6 55. Rd6+ Rf6 56. Rd8 Rf7 57. Rg8+ Rg7 0-1

[Event "AUTO-OPEN-664"]
[Site "http://www.queenalice.com/game.php?id=406962"]
[Date "2008.5.23"]
[Round "3"]
[White "Casemiro"]
[Black "flvsnts"]
[Result "1-0"]
[WhiteElo "1841"]
[BlackElo "1795"]

1. d4 b6 2. e4 Bb7 3. Nc3 Nf6 4. e5 Nd5 5. Bd2 e6 6. a3 Qh4 7. Nf3 Nxc3 8. Bxc3
Qg4 9. h3 Qe4+ 10. Be2 Ba6 11. b4 c6 12. O-O Bxe2 13. Nd2 Bxd1 14. Nxe4 Bxc2 15.
Ng3 c5 16. Rac1 Bd3 17. Rfe1 Nc6 18. f4 Nxd4 19. Bxd4 cxd4 20. Red1 Bb5 21. Rxd4
a5 22. Kh2 Be7 23. Rc7 axb4 24. axb4 O-O 25. Rc1 Rfc8 26. Rb1 Rc4 27. Ne2 Ra4
28. Rxc4 Bxc4 29. Nc3 Ra3 30. Nd1 b5 31. Kg1 f6 32. exf6 Bxf6 33. Nf2 Ba2 34.
Rd1 d5 35. Nd3 Rb3 36. Nc5 Rxb4 37. Nxe6 d4 38. Nc5 1-0

[Event "AUTO-OPEN-664"]
[Site "http://www.queenalice.com/game.php?id=406965"]
[Date "2008.5.23"]
[Round "3"]
[White "Casemiro"]
[Black "axando"]
[Result "0-1"]
[WhiteElo "1845"]
[BlackElo "1848"]

1. d4 d5 2. Bf4 Nf6 3. Nc3 c6 4. a3 Bf5 5. e3 e6 6. h3 h6 7. f3 Qa5 8. Ne2 Nbd7
9. g4 Bh7 10. b4 Qd8 11. Bg2 Be7 12. O-O Nb6 13. h4 Nc4 14. Ra2 Bd6 15. Bxd6
Qxd6 16. h5 Nxe3 17. Qc1 Nxf1 18. Bxf1 O-O-O 19. Bh3 Ng8 20. Kg2 g6 21. Rb2 gxh5
22. gxh5 Bf5 23. Ng1 Bxh3+ 24. Nxh3 Nf6 25. Kh1 Qg3 26. Qf1 Nxh5 27. Ne2 Qh4 28.
c3 Rdg8 29. Kh2 Rg7 30. Ng1 Nf4 31. Qf2 Rg2+ 32. Qxg2 Nxg2 33. Rxg2 Kd8 34. Rg4
Qe1 35. f4 Qxc3 36. Kg2 Qxd4 37. Kg3 Qc3+ 38. Nf3 Qxa3 39. Ng1 Qxb4 40. f5 Qxg4+
0-1

[Event "AUTO-OPEN-664"]
[Site "http://www.queenalice.com/game.php?id=406966"]
[Date "2008.5.23"]
[Round "3"]
[White "axando"]
[Black "Casemiro"]
[Result "1-0"]
[WhiteElo "1833"]
[BlackElo "1893"]

1. e4 c5 2. c4 b6 3. Nc3 Bb7 4. b3 g6 5. Nf3 Bg7 6. Qc2 a6 7. Bb2 e6 8. Be2 Ne7
9. O-O-O Nbc6 10. a3 O-O 11. g4 b5 12. d3 Nd4 13. Nxd4 cxd4 14. Na2 e5 15. Nb4
a5 16. Nd5 d6 17. Kb1 Rc8 18. Qd2 bxc4 19. Nxe7+ Qxe7 20. bxc4 Rb8 21. g5 f6 22.
h4 Qc7 23. h5 gxh5 24. Rxh5 Bc6 25. Rdh1 Kf7 26. Rxh7 Rg8 27. Bh5+ Kf8 28. gxf6
Qf7 29. Bxf7 Kxf7 30. Rxg7+ Rxg7 31. fxg7 Rg8 32. Qxa5 Kxg7 33. Rg1+ Kf7 34.
Qc7+ Ke6 35. Rxg8 1-0

[Event "AUTO-OPEN-816"]
[Site "http://www.queenalice.com/game.php?id=428955"]
[Date "2008.7.7"]
[Round "2"]
[White "Casemiro"]
[Black "dante72"]
[Result "0-1"]
[WhiteElo "1785"]
[BlackElo "1862"]

1. e4 e5 2. Bc4 Bc5 3. Nf3 d6 4. h3 Nf6 5. Ng5 O-O 6. d3 a5 7. a3 h6 8. Nf3 Be6
9. Bxe6 fxe6 10. Bd2 Nc6 11. c3 Ne7 12. Qc1 Kh7 13. b4 axb4 14. cxb4 Ba7 15. O-O
Nh5 16. Bc3 Ng6 17. Nbd2 b5 18. a4 bxa4 19. Ra3 Nhf4 20. Qc2 Qd7 21. Nc4 Kh8 22.
d4 exd4 23. Bxd4 e5 24. Bxa7 Rxa7 25. Kh2 Ne7 26. Rd1 Rf6 27. Nfxe5 Qe6 28. Ng4
Rf8 29. Rc1 h5 30. Nge3 Nc6 31. Rxa4 Rxa4 32. Qxa4 Nd4 33. Re1 Rf7 34. f3 h4 35.
Qa8+ Kh7 36. Qd8 Nxf3+ 37. gxf3 Qxh3+ 38. Kg1 Qg3+ 0-1

[Event "AUTO-OPEN-816"]
[Site "http://www.queenalice.com/game.php?id=428956"]
[Date "2008.7.7"]
[Round "2"]
[White "dante72"]
[Black "Casemiro"]
[Result "1-0"]
[WhiteElo "1875"]
[BlackElo "1772"]

1. d4 d5 2. Nf3 Nc6 3. e3 a6 4. h3 Bf5 5. Nc3 Nb4 6. Bd3 Qd7 7. Ne5 Qe6 8. a3
Nxd3+ 9. cxd3 Nf6 10. b4 b5 11. O-O Bxh3 12. gxh3 g6 13. Qf3 Bg7 14. Bb2 O-O 15.
Ne2 g5 16. Kh2 Rac8 17. Qg3 h6 18. Rg1 Nh7 19. f4 f6 20. Qg4 Qxg4 21. hxg4 fxe5
22. dxe5 c5 23. bxc5 Rxc5 24. Bd4 Rc2 25. Rg2 Rfc8 26. f5 Rd2 27. Nc1 Rd1 28.
Rg1 Rxg1 29. Kxg1 Rc2 30. Kh1 Nf8 31. e4 dxe4 32. dxe4 Rc4 33. Ne2 Nd7 34. f6
exf6 35. exf6 Nxf6 36. Rd1 Nxe4 37. Bxg7 Kxg7 38. Kg2 Rc2 39. Kf3 Nd2+ 40. Ke3
1-0

[Event "AUTO-OPEN-773"]
[Site "http://www.queenalice.com/game.php?id=479128"]
[Date "2008.10.18"]
[Round "3"]
[White "Casemiro"]
[Black "rubenov"]
[Result "0-1"]
[WhiteElo "1869"]
[BlackElo "1956"]

1. e4 b6 2. d4 Bb7 3. Nc3 Nf6 4. e5 Nd5 5. Bd2 e6 6. a3 Be7 7. g3 Nxc3 8. Bxc3
d6 9. Nf3 O-O 10. Bg2 Nd7 11. O-O Qc8 12. b4 dxe5 13. dxe5 c5 14. b5 Rd8 0-1

[Event "AUTO-OPEN-773"]
[Site "http://www.queenalice.com/game.php?id=479129"]
[Date "2008.10.18"]
[Round "3"]
[White "rubenov"]
[Black "Casemiro"]
[Result "1-0"]
[WhiteElo "1969"]
[BlackElo "1856"]

1. d4 d5 2. Bg5 Bf5 3. e3 h6 4. Bh4 g5 5. Bg3 Bg7 6. Nc3 a6 7. Nf3 Nc6 8. a3 Nf6
9. Be2 O-O 10. O-O b5 11. Nd2 e6 12. Nb3 Nd7 13. f4 Nb6 14. Nc5 1-0